Vývoj adaptačných a mitigačných nástrojov na zmierňovanie dopadov klimatickej zmeny v Čínskej ľudovej republike diplomová práca

Saved in:
Bibliographic Details
Main Author: Polečová, Barbora
Corporate Author: Fakulta medzinárodných vzťahov EU. Katedra medzinárodných ekonomických vzťahov a hospodárskej diplomacie
Other Authors: Černota, Mikuláš, 1979-
Format: Book
Language:Slovak
Published: Bratislava 2019
Tags: Add Tag
No Tags, Be the first to tag this record!

MARC

LEADER 00000nbm a2200000 4500
001 0255086
005 20190806134243.1
041 0 |a slo 
044 |a SK 
245 1 0 |a Vývoj adaptačných a mitigačných nástrojov na zmierňovanie dopadov klimatickej zmeny v Čínskej ľudovej republike  |b diplomová práca  |c Barbora Polečová ; školiteľ: Mikuláš Černota 
264 1 |a Bratislava  |c 2019 
300 |a 83 s. 
100 1 |a Polečová, Barbora 
700 1 |a Černota, Mikuláš, 1979- 
710 2 |a Fakulta medzinárodných vzťahov EU. Katedra medzinárodných ekonomických vzťahov a hospodárskej diplomacie